Письмо Рустем Анне Христофоровне Деляновой

Доступно только в Электронных читальных залах Найти на картеНа карте
RUSMARC
00004077nmc2a22000003x 450
001fafcf12f-1d96-4e39-ab1d-e73b9b9c0c7a
00520210217174225.0
100##$a20190731l18821882k l0rusy0189 ca
1010#$arus
$afre
102##$aRU
2001#$aПисьмо Рустем Анне Христофоровне Деляновой
$j10 апреля 1882 г.
251##$cДело
300##$aПисьма разных лиц к Анне Христофоровне Деляновой (жене И.Д.)
300##$aНа русском и французском языках
801#0$aRU
$bРГИА
$c20190731
$gRCR
801#1$aRU
$bГлавНИВЦ
$c20190731
$2rusmarc
801#2$aRU
$bПБ им. Б.Н. Ельцина
$c20210217
$gRCR
$2rusmarc
850##$aРГИА
852##$aРГИА
$eФедеральное казенное учреждение "Российский государственный исторический архив" (РГИА)
$j636
937##$hРГИА
$d12276268
$aASBIBLIO_SCAN
462#0$10013dfa799b-3a50-4673-b3be-8a348f2dcc4f
$12001
$aЛичные, служебные и имущественные документы И. Д. Делянова. Переписка И. Д. Делянова и членов его семьи. Служебная переписка директора Департамента народного просвещения Н. М. Аничкова
$1251
$cОпись
$1852
$j1
461#0$100199155341-bdc0-4986-8135-aafdb775052f
$12001
$aДелянов Иван Давыдович, граф, статс-секретарь, управляющий делами Секретного комитета о раскольниках, попечитель учебного округа, директор Публичной библиотеки, министр народного просвещения
$1251
$cФонд
$1852
$j1604
215##$a3 л.
$d32х21 см
371##$aДокумент не является опубликованным и широко распространяемым
105##$ay###
1220#$ad
035##$afafcf12f-1d96-4e39-ab1d-e73b9b9c0c7a
856##$uhttp://readingroom.main.prlib.ru/item.aspx?id_node=n157390758&mode=full
Формат отображения